00000000nam##2200000za#4500
0019.697004
003CaOODSP
00520210624235304
007cr |||||||||||
008150407|1996||||xxc|||||o    f|0| 0 eng|d
040 |aCaOODSP|beng
043 |an-cn---
0861 |aCS92-N0083/1996E-PDF
24500|aUser guide for place of work coding - instructions to tier 3 |h[electronic resource]
260 |aOttawa - Ontario : |bStatistics Canada |c1996.
500 |aHistorical census publication digitized by Statistics Canada.
590 |a12-44-Supp|b2012-12-13
69007|aCensus|2gcpds
69007|aCoding|2gcpds
7102 |aStatistics Canada.
77508|tGuide d'utilisation pour le codage du lieu de travail - 3e niveau |w(CaOODSP)9.641078
85640|ahttp://publications.gc.ca|qPDF|s2653 KB|uhttps://publications.gc.ca/collections/collection_2012/statcan/rh-hc/CS92-N0083-1996-eng.pdf
986 |aACGP-2